| 000 | 00579nam a22002177a 4500 | ||
|---|---|---|---|
| 001 | 0074 | ||
| 003 | DO-SdBNP | ||
| 005 | 20151210150109.0 | ||
| 007 | 0074 | ||
| 008 | 151210b sp 1962 xxu||||| |||| 00| 0 spa d | ||
| 040 |
_aBPMSU _bspa _cBPMSU |
||
| 092 |
_axxxxxxxxx _bxxxxxxxxx |
||
| 100 | 1 | 0 | _aYdígoras, Carlos María |
| 245 | 1 | 0 |
_aLanda, el valin / _cCarlos María Ydígoras |
| 260 |
_aMadrid : _bDoncel, _61962 |
||
| 300 |
_a145 p. : _bil., _c26 cm. |
||
| 490 | 1 | 0 |
_aLa ballena alegre _v16 |
| 830 | 0 | 0 |
_aLa ballena alegre _n16 |
| 942 |
_2ddc _cBK |
||
| 956 | _aBrenda Tavárez | ||
| 999 |
_c9099 _d9099 |
||